Normal view
MARC view
- Wasti,Ayesha
Entry Personal Name
001 - CONTROL NUMBER
- control field: 11193
003 - CONTROL NUMBER IDENTIFIER
- control field: NUST
005 - DATE AND TIME OF LATEST TRANSACTION
- control field: 20180625052740.0
008 - FIXED-LENGTH DATA ELEMENTS
- fixed length control field: 180625|| aca||aabn | a|a d
040 ## - CATALOGING SOURCE
- Original cataloging agency: NUST
- Transcribing agency: NUST
100 ## - HEADING--PERSONAL NAME
- Personal name: Wasti,Ayesha
670 ## - SOURCE DATA FOUND
- Source citation: Work cat.: (NUST)232942: Wasti,Ayesha, Removal Of Organic Material From Textile Wastewater Using Immobilized Adsorbents , 2012.
